书目信息 |
| 题名: |
亚非拉各种社会主义
|
|
| 作者: | ;中央民族学院政治系国际共产主义运动史教研室 编 | |
| 分册: | ||
| 出版信息: | 中央民族学院科研处 1981 |
|
| 页数: | 256页 | |
| 开本: | 20cm | |
| 丛书名: | ||
| 单 册: | ||
| 中图分类: | D501 | |
| 科图分类: | ||
| 主题词: | 国际政治 | |
| 电子资源: | ||
| ISBN: | ||
| 000 | 00727nam0 2200181 450 | |
| 001 | 0641006952 | |
| 005 | 20060819112429.57 | |
| 010 | @dCNY0.90 | |
| 100 | @a20060819d1981 km y0chiy0120 ea | |
| 101 | 0 | @achi |
| 200 | 1 | @a亚非拉各种社会主义@Aya fei la ge zhong she hui zhu yi@f中央民族学院政治系国际共产主义运动史教研室编@Fzhong yang min zu xue yuan zheng zhi xi guo ji gong chan zhu yi yun dong shi jiao yan shi bian |
| 210 | @c中央民族学院科研处@d1981 | |
| 215 | @a256页@d20cm | |
| 606 | 0 | @a国际政治 |
| 690 | @aD501@v3 | |
| 711 | 0 | @a中央民族学院政治系国际共产主义运动史教研室@Azhong yang min zu xue yuan zheng zhi xi guo ji gong chan zhu yi yun dong shi jiao yan shi@4编 |
| 801 | 0 | @aCN@bPFT@c20060819 |
| 905 | @a10447@dD501@e124 | |
| 亚非拉各种社会主义/中央民族学院政治系国际共产主义运动史教研室编.-中央民族学院科研处,1981 |
| 256页;20cm |
| ISBN :CNY0.90 |
| ● |
| 相关链接 |
|
|
|
|
正题名:亚非拉各种社会主义
索取号:D501/124
 
预约/预借
| 序号 | 登录号 | 条形码 | 馆藏地/架位号 | 状态 | 备注 |
| 1 | 0471064 | 204710642 | 密集书库/ [索取号:D501/124] | 在馆 |